| 000 | 00515nam a2200169 a 4500 | ||
|---|---|---|---|
| 001 | 2470 | ||
| 003 | CDMR | ||
| 005 | 20130319114304.0 | ||
| 008 | 130130s1991||||||||||||||||||||||||||||d | ||
| 020 | _a8479350520 | ||
| 040 |
_aCDMR _bcat _cCPC LLEIDA |
||
| 100 | 1 |
_aPacheco, Francisco Luís _91851 |
|
| 245 | 1 | 4 |
_aLas servidumbres prediales en el derecho histórico español _cFrancisco L. Pacheco ; prólogo: Aquilino Iglesia Ferreirós |
| 260 |
_aLleida _c1991 _bPagès |
||
| 490 | 0 | _aEl Fil d'Ariadna | |
| 942 |
_cMON _2udc |
||
| 999 |
_c2470 _d2470 |
||